[Event "Belt Road Women 2019"]
[Site "Shaoxing"]
[Date "2019.07.17"]
[Round "9.11"]
[White "Pratyusha, Bodda"]
[Black "Zhang, Lanlin"]
[Result "1/2-1/2"]
[WhiteElo "2265"]
[BlackElo "2195"]
[Annotator "TA"]
[PlyCount "74"]
[EventDate "2019.07.08"]
[EventType "swiss"]
[EventCountry "CHN"]
[SourceTitle "playchess.com"]
[Source "ChessBase"]
[SourceQuality "1"]

{[%evp 13,74,12,28,19,44,16,10,8,14,-4,29,20,37,22,33,-3,14,-28,0,-11,30,-34,10,5,18,0,28,0,4,0,0,0,0,0,0,-4,22,27,14,-14,-16,-114,70,77,77,65,149,138,111,105,97,87,132,108,172,193,206,214,358,352,356,359,518]} 1. e4 e5 2. Nf3 Nc6 3. Bc4 Bc5 4. c3 Nf6 5. d3 d6 6. O-O O-O 7. Bb3 Bb6 8. h3 {C54: Giuoco Piano: 4 c3 Nf6, main lines with 5 d4 and 5 d3} Be6 (8... Ne7 9. Nbd2 c6 10. Re1 Ng6 11. d4 Re8 12. Bc2 h6 13. Nf1 d5 14. exd5 e4 15. Ne5 cxd5 16. Nxg6 fxg6 {0-1 (41) Volokitin,A (2628)-Aronian,L (2805) Riadh 2017}) 9. Bc2 d5 10. exd5 {The position is equal.} Qxd5 11. Bg5 Kh8 $146 ({Predecessor:} 11... e4 12. c4 Qc5 13. dxe4 Bxc4 14. Be3 Qb4 15. Re1 Qxb2 {1-0 (47) Nestorovic,N (2450)-Breckenridge,S (2298) Philadelphia 2018}) 12. Nbd2 Ng8 13. Qe2 f6 14. Bh4 Nh6 15. Rfe1 Rae8 16. Nc4 Qd7 17. b4 (17. Bg3 $11) 17... a6 18. Nxb6 cxb6 19. a4 Bg8 20. b5 Ne7 21. bxa6 bxa6 22. d4 exd4 23. Qxa6 dxc3 24. Qxb6 Rb8 25. Qd4 $36 {[%mdl 2048] White is pushing.} Nd5 26. Red1 Rb2 27. Rac1 (27. Be4 $1 $11 {keeps the balance.} Nf5 28. Qd3 Nxh4 29. Nxh4) 27... Rxc2 $2 ({Better is} 27... Qc8 $1 $17 28. Bg3 Nf5) 28. Rxc2 $14 Qc6 29. a5 Ra8 {[#]} (29... Rc8 $14) 30. Ra1 $1 $16 Nf5 31. Qa4 Qc5 32. Qa3 Qc4 33. Bg3 $1 Nxg3 (33... Ra6 $16 {might work better.}) 34. fxg3 $18 Qd3 {[#]} 35. Rcc1 $1 Ra6 (35... Qa6 {keeps fighting.} 36. Kh2 Rc8) 36. Qc5 h6 37. Kh2 g5 {[%mdl 32768] Accuracy: White = 36%, Black = 22%. . An unexpected result.} (37... Kh7 $142 38. Rd1 Qe4) 1/2-1/2

[Event "Belt Road Women 2019"]
[Site "Shaoxing"]
[Date "2019.07.17"]
[Round "9.12"]
[White "Gu, Tianlu"]
[Black "Xu, Yuze"]
[Result "1-0"]
[WhiteElo "2205"]
[BlackElo "2083"]
[Annotator "TA"]
[PlyCount "90"]
[EventDate "2019.07.08"]
[EventType "swiss"]
[EventCountry "CHN"]
[SourceTitle "playchess.com"]
[Source "ChessBase"]
[SourceQuality "1"]

{[%evp 18,90,60,47,51,25,35,20,40,22,47,41,95,92,79,85,97,98,94,87,142,105,115,84,88,100,91,71,70,83,79,45,51,45,86,24,26,0,48,52,50,3,71,61,88,50,78,83,85,78,86,86,127,120,152,165,160,167,156,158,184,191,175,28,374,374,375,374,374,374,762,863,799,785,625]} 1. e4 c5 2. Nf3 Nc6 3. d4 cxd4 4. Nxd4 g6 5. c4 Nf6 6. Nc3 Nxd4 7. Qxd4 d6 8. Be2 Bg7 9. Be3 O-O 10. Qd2 a5 {B36: Sicilian: Maroczy Bind: Gurgenidze System} 11. f3 a4 12. Rc1 (12. O-O Be6 13. Rab1 Nd7 14. b4 axb3 15. axb3 Qa5 16. b4 Qa3 17. Rfc1 Rfc8 18. Nd5 Bxd5 19. exd5 h5 20. Rc2 b6 {½-½ (39) Ponomariov,R (2675)-Mamedov,R (2650) Hengshui 2019}) 12... Be6 {The position is equal.} 13. Nd5 Bxd5 14. cxd5 e6 $146 (14... Nd7 $14) ({Predecessor:} 14... a3 15. bxa3 Rxa3 16. Rc2 Qa8 17. O-O Qa4 18. Rc4 Qa8 19. Rc2 Qa4 20. Rc4 Qa8 21. Rc2 {½-½ (21) Murariu,A (2490)-Chirila,I (2485) Bucharest 2009}) 15. dxe6 $1 $16 fxe6 16. O-O d5 17. e5 Nd7 18. f4 Bh6 (18... g5 $142) 19. Bb5 Rf7 20. Rc2 Bf8 21. Rfc1 Qa5 22. Qd3 b6 23. Bxd7 Rxd7 24. Rc6 d4 $1 25. Bd2 Qd5 {[#]} 26. Rxb6 (26. Qc4 $1 $16) 26... Qxa2 $11 27. Qb5 Qd5 (27... Rdd8 {is interesting.} 28. Kf2 a3 29. Rc7 axb2 30. Qxb2 g5) 28. Qxd5 Rxd5 29. Kf1 (29. Rxe6 $2 Rb5 $19) 29... Rd7 (29... g5 $11) 30. Ke2 $36 {[%mdl 2048] White fights for an advantage.} (30. Rxe6 $2 Rb7 $19) 30... Kf7 31. g4 a3 32. bxa3 Bxa3 33. Rc4 Re8 34. Kd3 h5 35. Ra6 (35. Rxd4 $6 Ra7 $11) 35... Bb2 {[#]} 36. gxh5 $1 gxh5 {[#]} 37. f5 $1 {[%mdl 512]} exf5 38. Rf6+ Kg7 39. Rxf5 Rde7 40. Bg5 ({Don't do} 40. Rxh5 $6 Rxe5 41. Rh4 Bc3 $14) ({White should play} 40. Rg5+ $18 Kf7 41. Rf5+ (41. Rxh5 Rxe5 42. Rc7+ R8e7 $16) 41... Kg8 42. Rg5+ (42. Rxh5 Rxe5 43. Rh3 Rb8 $14) 42... Kf7 43. Rc2 (43. Rxh5 Rxe5 44. Rh6 Ba3 $16)) 40... Rf7 $2 {[%mdl 8192]} (40... Kg6 $11 {and Black has nothing to worry.} 41. Ke4 Rxe5+ 42. Rxe5 Rxe5+ 43. Kxe5 Kxg5) 41. Bf6+ $18 {[%mdl 64] Discovered Attack} Kg6 42. Rg5+ Kh6 {Hoping for ...Rxf6!} 43. h4 Ba3 $2 (43... Ref8 44. Rc6 Kh7 45. Rxh5+ Kg6) 44. Rc6 {Bg7+! would kill now.} Kh7 45. Rxh5+ Kg6 {Accuracy: White = 51%, Black = 43%.} 1-0

[Event "Belt Road Women 2019"]
[Site "Shaoxing"]
[Date "2019.07.17"]
[Round "9.13"]
[White "Tokhirjonova, Gulrukhbegim"]
[Black "Fominykh, Maria"]
[Result "1-0"]
[WhiteElo "2422"]
[BlackElo "2243"]
[Annotator "RC"]
[PlyCount "68"]
[EventDate "2019.07.08"]
[EventType "swiss"]
[EventCountry "CHN"]
[SourceTitle "playchess.com"]
[Source "ChessBase"]
[SourceQuality "1"]
[TimeControl "5400+30"]

1. e4 {[%emt 0:00:00]} d6 {[%emt 0:00:00]} 2. d4 {[%emt 0:00:00]} Nf6 {[%emt 0:00:00]} 3. Nc3 {[%emt 0:00:00]} Nbd7 {[%emt 0:00:00]} 4. Nf3 {[%emt 0:01:15]} e5 {[%emt 0:00:02]} 5. Bc4 {[%emt 0:05:35]} Be7 {[%emt 0:00:04]} 6. O-O {[%emt 0:00:29]} O-O {[%emt 0:00:10]} 7. a4 {[%emt 0:00:23]} c6 {[%emt 0:00:06]} 8. Re1 {[%emt 0:00:34]} a5 {[%emt 0:02:53]} 9. h3 {[%emt 0:00:30]} Nb6 {[%emt 0:00:06]} 10. Ba2 {[%emt 0:01:52]} Nfd7 {[%emt 0:00:05]} 11. Be3 {[%emt 0:02:30]} exd4 {[%emt 0:00:05]} 12. Nxd4 {[%emt 0:00:14]} Nc5 {[%emt 0:02:09]} 13. Qd2 {[%emt 0:06:57]} Kh8 {[%emt 0:22:52]} 14. Bb3 {[%emt 0:24:29]} Nxb3 {[%emt 0:02:35]} 15. Nxb3 {[%emt 0:00:13]} Nc4 {[%emt 0:00:33]} 16. Qe2 {[%emt 0:01:31]} Nxe3 {[%emt 0:00:43]} 17. Qxe3 {[%emt 0:00:04]} Qc7 {[%emt 0:15:32]} 18. Rad1 {[%emt 0:00:15]} Bd7 {[%emt 0:07:25]} 19. Nd4 {[%emt 0:04:52]} Rae8 {[%emt 0:15:45]} 20. Qd3 {[%emt 0:02:13]} Qb6 {[%emt 0:03:09]} 21. b3 {[%emt 0:00:15]} Bc8 {[%emt 0:01:57]} 22. Nb1 {[%emt 0:03:50]} Bf6 {[%emt 0:05:41]} 23. Nf3 {[%emt 0:03:37]} Rd8 {[%emt 0:01:38]} 24. c4 {[%emt 0:00:41]} Be6 {[%emt 0:00:39]} 25. Nbd2 {[%emt 0:00:22]} d5 {[%emt 0:01:59]} 26. cxd5 {[%emt 0:00:33]} cxd5 {[%emt 0:00:09]} 27. e5 {[%emt 0:00:04]} Be7 {[%emt 0:00:09]} 28. Nd4 {[%emt 0:00:10]} Bc5 {[%emt 0:01:32]} 29. N2f3 {[%emt 0:00:21]} h6 {[%emt 0:00:57]} 30. Re2 {[%emt 0:03:57]} Rc8 {[%emt 0:04:12]} 31. Rc2 {[%emt 0:03:10]} Bd7 {[%emt 0:01:56]} 32. Rdc1 {[%emt 0:07:06]} Kg8 {[%emt 0:00:28]} 33. Kh1 {[%emt 0:01:38]} Ba3 {[%emt 0:01:45]} 34. Re1 {[%emt 0:03:21]} Bc5 {[%emt 0:05:07]} 1-0

[Event "Belt Road Women 2019"]
[Site "Shaoxing"]
[Date "2019.07.17"]
[Round "9.14"]
[White "Yan, Tianqi"]
[Black "Bai, Xue"]
[Result "0-1"]
[WhiteElo "2034"]
[BlackElo "2029"]
[Annotator "NA RC"]
[PlyCount "122"]
[EventDate "2019.07.08"]
[EventType "swiss"]
[EventCountry "CHN"]
[SourceTitle "playchess.com"]
[Source "ChessBase"]
[SourceQuality "1"]
[TimeControl "5400+30"]

{[%evp 23,111,13,19,27,20,32767,32767,32767,32767,32767,32767,32767,32767,32767,32767,32767,32767,-78,-85,-90,-87,-84,-78,-77,-81,-81,-81,-68,-85,-78,-85,32767,-66,-91,-77,-89,-83,32767,-58,-55,-53,-58,-58,-58,-54,-64,-65,-60,-59,-79,-85,-86,-71,-95,-79,32767,32767,-111,-78,-109,-118,-113,32767,32767,32767,32767,32767,32767,32767,32767,32767,32767,32767,32767,32767,32767,32767,32767,0,-191,-170,-216,-235,-403,-237,-223,-229,32767,32767,-339]} 1. c4 {[%emt 0:01:20]} e6 {[%emt 0:00:00]} 2. Nf3 {[%emt 0:00:16]} Nf6 {[%emt 0:00:03]} 3. g3 {[%emt 0:00:13]} d5 {[%emt 0:00:38]} 4. Bg2 {[%emt 0:00:51]} c5 {[%emt 0:00:57]} 5. O-O {[%emt 0:04:52]} Nc6 {[%emt 0:00:24]} 6. d4 {[%emt 0:02:55]} dxc4 {[%emt 0:00:40]} 7. dxc5 {[%emt 0:00:10]} Qxd1 {[%emt 0:00:08]} 8. Rxd1 {[%emt 0:00:03]} Bxc5 {[%emt 0:00:08]} 9. Nbd2 {[%emt 0:00:16]} c3 {[%emt 0:00:08]} 10. bxc3 {[%emt 0:00:04]} O-O {[%emt 0:00:06]} 11. Nb3 {[%emt 0:00:37]} Be7 {[%emt 0:00:05]} 12. Nfd4 {[%emt 0:02:48]} Bd7 {[%emt 0:00:32]} 13. Bg5 {[%emt 0:02:08] E04: Open Catalan: 5 Nf3} (13. Nxc6 Bxc6 14. Bxc6 bxc6 15. c4 Rfb8 16. Bd2 Rb6 17. Rac1 c5 18. Be3 Rc6 19. Rc2 Kf8 20. f3 Ke8 {½-½ (52) So,W (2780)-Vidit,S (2718) chess.com INT 2018}) 13... Rac8 {[%emt 0:11:22]} 14. Bxf6 {[%emt 0:07:03]} Bxf6 {[%emt 0:01:49]} 15. Nc5 {[%emt 0:05:52]} Nxd4 {[%emt 0:00:05]} 16. cxd4 {[%emt 0:00:19]} Bb5 {[%emt 0:00:07]} 17. Bxb7 {[%emt 0:03:34]} Bxe2 {[%emt 0:00:25]} 18. Re1 $146 {[%emt 0:05:09]} ({Predecessor:} 18. Bxc8 Bxd1 19. Bxe6 Bf3 20. Bh3 Bxd4 {0-1 (49) Sriram,J (2446)-Kotanjian,T (2517) Beirut 2011}) 18... Rc7 {[%emt 0:02:11]} 19. Rxe2 {[%emt 0:04:13]} Bxd4 {[%emt 0:00:13]} 20. Rd1 {[%emt 0:02:35]} (20. Nxe6 $1 $11 {keeps the balance.} fxe6 21. Rb1) 20... Bxc5 {[%emt 0:00:10]} 21. Be4 {[%emt 0:00:33]} Bb6 {[%emt 0:04:18]} 22. Rc2 {[%emt 0:01:18]} Rxc2 {[%emt 0:00:30]} 23. Bxc2 {[%emt 0:00:04]} g6 {[%emt 0:02:10]} 24. Bb3 {[%emt 0:00:49]} Kg7 {[%emt 0:00:27]} 25. Kg2 {[%emt 0:00:10]} Rc8 {[%emt 0:00:20]} 26. Rd7 {[%emt 0:01:50]} Kf6 {[%emt 0:00:16]} 27. f3 {[%emt 0:05:59]} Rc1 {[%emt 0:03:56]} 28. Rd1 {[%emt 0:00:47]} Rc7 {[%emt 0:03:09]} 29. Rd2 {[%emt 0:00:50]} Ke7 {[%emt 0:00:53]} 30. Ba4 {[%emt 0:01:28]} e5 {[%emt 0:03:23]} 31. Rc2 {[%emt 0:01:38]} Rb7 {[%emt 0:01:04]} 32. Re2 {[%emt 0:01:32]} Bd4 {[%emt 0:01:25]} 33. f4 {[%emt 0:00:32]} f6 {[%emt 0:00:08]} 34. fxe5 {[%emt 0:01:06]} Bxe5 {[%emt 0:00:19]} 35. Rd2 {[%emt 0:00:12]} h5 {[%emt 0:00:45]} 36. h3 {[%emt 0:01:15]} a5 {[%emt 0:06:56]} 37. Bd1 {[%emt 0:03:03]} Rb4 {[%emt 0:02:52]} 38. a4 {[%emt 0:02:37]} Ke6 {[%emt 0:02:30]} 39. Kf3 {[%emt 0:01:29]} f5 {[%emt 0:00:37]} 40. Kg2 {[%emt 0:03:08]} Kf6 {[%emt 0:01:11]} 41. Kf3 {[%emt 0:00:43]} Re4 {[%emt 0:06:13]} 42. Rd3 {[%emt 0:03:59]} h4 {[%emt 0:02:23]} 43. g4 {[%emt 0:04:26]} Rf4+ {[%emt 0:00:24]} 44. Kg2 {[%emt 0:00:36]} fxg4 {[%emt 0:00:07]} 45. hxg4 {[%emt 0:01:47]} Re4 {[%emt 0:00:31]} 46. Kf3 {[%emt 0:06:06]} Rc4 {[%emt 0:00:12]} 47. Kg2 {[%emt 0:00:19]} Kg5 {[%emt 0:02:41]} 48. Kh3 {[%emt 0:01:57]} Re4 {[%emt 0:02:19]} 49. Kg2 {[%emt 0:00:49]} Rb4 {[%emt 0:00:49]} 50. Rd2 {[%emt 0:01:19]} Re4 $2 {[%emt 0:04:30]} (50... Kf6 $19 51. Rf2+ Bf4) 51. Rd3 $1 {[%emt 0:00:05]} Re1 {[%emt 0:03:10]} 52. Bf3 {[%emt 0:00:51]} Ra1 {[%emt 0:01:34]} 53. Bd1 $2 {[%emt 0:00:22] [#]} (53. Bc6 {was the only chance.}) 53... Ra2+ {[%emt 0:00:14]} (53... h3+ $142 $1 {[%mdl 512]} 54. Kg1 (54. Rxh3 Rxd1) 54... Kh4) 54. Kf1 {[%emt 0:00:50]} Bg3 $19 {[%emt 0:01:41]} 55. Kg1 {[%emt 0:01:20]} Kf4 {[%emt 0:01:22]} 56. Kh1 {[%emt 0:02:43]} (56. Rf3+ {is a better defense.} Ke4 57. Rf1) 56... Ke4 {[%emt 0:14:40]} 57. Rf3 {[%emt 0:00:30]} Ra1 {[%emt 0:00:30]} 58. Rf1 {[%emt 0:00:30]} Ke3 {[%emt 0:00:30]} 59. Kg1 {[%emt 0:00:30]} g5 {[%emt 0:00:30]} 60. Kg2 {[%emt 0:00:30]} Kd3 {[%emt 0:00:30]} 61. Be2+ {[%emt 0:00:00] Rxa4} Kd4 {[%emt 0:00:30]} 0-1

[Event "Belt Road Women 2019"]
[Site "Shaoxing"]
[Date "2019.07.17"]
[Round "9.15"]
[White "Hu, Yu A."]
[Black "Zhang, Yuxuan"]
[Result "0-1"]
[WhiteElo "2095"]
[BlackElo "1987"]
[Annotator "NA RC"]
[PlyCount "124"]
[EventDate "2019.07.08"]
[EventType "swiss"]
[EventCountry "CHN"]
[SourceTitle "playchess.com"]
[Source "ChessBase"]
[SourceQuality "1"]
[TimeControl "5400+30"]

1. e4 {[%emt 0:00:00]} c5 {[%emt 0:00:00]} 2. Nf3 {[%emt 0:00:36]} e6 {[%emt 0:00:00]} 3. d4 {[%emt 0:00:07]} cxd4 {[%emt 0:00:00]} 4. Nxd4 {[%emt 0:00:06]} Nc6 {[%emt 0:00:00]} 5. Nc3 {[%emt 0:00:10]} a6 {[%emt 0:00:00]} 6. g3 {[%emt 0:00:47]} d6 {[%emt 0:00:17]} 7. Bg2 {[%emt 0:00:18]} Bd7 {[%emt 0:00:16]} 8. O-O {[%emt 0:01:02]} Nf6 {[%emt 0:00:54]} 9. Nce2 {[%emt 0:00:25]} Be7 {[%emt 0:04:22] B80: Sicilian Scheveningen: 6 g3 and 6 Be3, including English Attack} 10. c4 {[%emt 0:00:29]} Ne5 $146 {[%emt 0:00:17]} ({Predecessor:} 10... O-O 11. a4 Qa5 12. b3 Rfd8 13. Bd2 Qc5 14. Be3 Qa5 15. h3 Rac8 16. Qe1 Qxe1 17. Rfxe1 Nb4 18. Red1 g6 {½-½ (65) Svidler,P (2732)-Rublevsky,S (2676) Khanty-Mansiysk 2007}) 11. b3 $1 {[%emt 0:05:54]} O-O {[%emt 0:00:37]} 12. Bb2 {[%emt 0:07:27]} Qb6 {[%emt 0:04:18]} (12... b5 $11) 13. Qd2 {[%emt 0:00:46]} Rfd8 {[%emt 0:00:58]} 14. Kh1 {[%emt 0:02:49]} Ng6 {[%emt 0:01:02]} 15. f4 {[%emt 0:02:35]} e5 {[%emt 0:11:41]} 16. Nf5 {[%emt 0:01:16]} Bf8 {[%emt 0:00:15]} 17. fxe5 {[%emt 0:11:47]} dxe5 {[%emt 0:02:57]} 18. Qg5 {[%emt 0:00:12]} h6 {[%emt 0:16:54]} 19. Nxh6+ {[%emt 0:02:33]} gxh6 {[%emt 0:00:13]} 20. Qxf6 {[%emt 0:00:04]} Qxf6 {[%emt 0:00:08]} 21. Rxf6 {[%emt 0:00:05]} Bg4 {[%emt 0:00:05]} 22. Ng1 {[%emt 0:00:42]} Rd2 {[%emt 0:00:10]} 23. Bc3 {[%emt 0:00:40]} Rc2 {[%emt 0:00:18]} 24. Ba5 {[%emt 0:00:21]} Be7 {[%emt 0:02:11]} 25. Rff1 {[%emt 0:07:49]} Bc5 {[%emt 0:00:19]} 26. Rfc1 {[%emt 0:01:00]} Rf2 {[%emt 0:00:15]} 27. h3 {[%emt 0:00:47]} Be6 {[%emt 0:00:53]} 28. Be1 {[%emt 0:01:58]} Rb2 {[%emt 0:01:27]} 29. Bc3 {[%emt 0:02:16]} Rf2 {[%emt 0:00:07]} 30. a4 {[%emt 0:09:55]} Bd4 {[%emt 0:05:53]} 31. Bxd4 {[%emt 0:00:47]} exd4 {[%emt 0:00:05]} 32. Rf1 {[%emt 0:01:16]} Rc2 {[%emt 0:00:19]} 33. Nf3 {[%emt 0:01:16]} Rd8 {[%emt 0:00:09]} 34. Rfd1 {[%emt 0:00:20]} d3 {[%emt 0:00:24]} 35. Rd2 {[%emt 0:00:12]} Rc3 {[%emt 0:00:12]} 36. Rb1 {[%emt 0:02:16]} Ne7 {[%emt 0:03:15]} 37. Bf1 {[%emt 0:02:03]} Nc6 {[%emt 0:00:14]} 38. Kg2 {[%emt 0:01:23]} Na5 {[%emt 0:06:30]} 39. Ne1 {[%emt 0:05:26]} Nxb3 {[%emt 0:02:45]} 40. Rxd3 {[%emt 0:00:03]} Rdxd3 {[%emt 0:00:13]} 41. Bxd3 {[%emt 0:00:06]} Nc5 {[%emt 0:00:04]} 42. Bc2 {[%emt 0:00:58]} Bxc4 {[%emt 0:02:25]} 43. Kf2 {[%emt 0:00:03]} b5 {[%emt 0:02:36]} 44. axb5 {[%emt 0:00:56]} axb5 {[%emt 0:00:15]} 45. e5 {[%emt 0:00:12]} Nd7 {[%emt 0:01:32]} 46. Be4 {[%emt 0:01:24]} Nxe5 {[%emt 0:00:21]} 47. Nf3 {[%emt 0:00:28]} Nxf3 {[%emt 0:02:22]} 48. Bxf3 {[%emt 0:00:04]} Rb3 {[%emt 0:00:13]} 49. Rd1 {[%emt 0:05:03]} b4 {[%emt 0:02:00]} 50. Rd8+ {[%emt 0:00:25]} Kg7 {[%emt 0:00:11]} 51. Rb8 {[%emt 0:00:05]} Rb2+ {[%emt 0:00:09]} 52. Ke3 {[%emt 0:00:05]} b3 {[%emt 0:00:19]} 53. Kd4 {[%emt 0:00:31]} Be6 {[%emt 0:01:10]} 54. h4 {[%emt 0:02:06]} f5 {[%emt 0:01:08]} (54... Kf6 $17 55. Rb6 Ra2) 55. Ke5 {[%emt 0:00:23]} Bc4 {[%emt 0:04:53]} 56. Bh5 {[%emt 0:01:30]} Rd2 {[%emt 0:00:44]} 57. Rb7+ {[%emt 0:00:06]} Kf8 {[%emt 0:00:22]} 58. Rb8+ {[%emt 0:00:08]} Ke7 {[%emt 0:01:10]} 59. Re8+ {[%emt 0:00:03]} Kd7 {[%emt 0:00:07]} 60. Rb8 {[%emt 0:00:35]} b2 {[%emt 0:00:29]} 61. Bg6 $19 {[%emt 0:00:13]} Rd5+ {[%emt 0:00:45]} 62. Kf6 Bb5 {[%emt 0:00:30]} 0-1

[Event "Belt Road Women 2019"]
[Site "Shaoxing"]
[Date "2019.07.17"]
[Round "9.16"]
[White "Peng, Tianlu"]
[Black "Du, Yuxin"]
[Result "1/2-1/2"]
[WhiteElo "1901"]
[BlackElo "2015"]
[Annotator "NA RC"]
[PlyCount "89"]
[EventDate "2019.07.08"]
[EventType "swiss"]
[EventCountry "CHN"]
[SourceTitle "playchess.com"]
[Source "ChessBase"]
[SourceQuality "1"]
[TimeControl "5400+30"]

1. Nf3 {[%emt 0:00:00]} Nf6 {[%emt 0:00:38]} 2. g3 {[%emt 0:00:00]} e6 {[%emt 0:04:09]} 3. Bg2 {[%emt 0:00:00]} d5 {[%emt 0:00:06]} 4. c4 {[%emt 0:00:04]} (4. O-O Be7 5. d3 O-O 6. c4 c6 7. Nbd2 Nbd7 8. b3 b6 {½-½ (10) Espinosa Veloz,E (2544)-Miranda Mesa,E (2438) Santa Clara 2018}) 4... Nbd7 {[%emt 0:04:47]} 5. b3 {[%emt 0:00:50]} c6 {[%emt 0:01:45]} 6. Bb2 {[%emt 0:00:55]} Be7 {[%emt 0:01:32]} 7. O-O {[%emt 0:01:22]} O-O {[%emt 0:01:18]} 8. d3 {[%emt 0:02:19]} b6 {[%emt 0:01:24]} 9. Nbd2 {[%emt 0:03:03]} Bb7 {[%emt 0:02:08]} 10. Rc1 {[%emt 0:02:00]} dxc4 {[%emt 0:08:47] A14: English Opening: 1...e6 with b3 by White} 11. bxc4 $146 {[%emt 0:02:18]} ({Predecessor:} 11. Nxc4 c5 12. Rc2 Rc8 13. Qa1 Qc7 14. Nce5 Nxe5 15. Bxe5 Qd7 16. Nh4 Ne8 17. Nf3 Bf6 18. Rd2 Bxe5 19. Nxe5 {½-½ (43) Quass,M (1853)-Woellermann,L (1805) Verden 2013}) 11... c5 {[%emt 0:04:30]} 12. Qc2 {[%emt 0:06:24]} Qc7 {[%emt 0:02:50]} 13. Rfe1 {[%emt 0:07:57]} Rfd8 {[%emt 0:04:15]} 14. Qc3 {[%emt 0:06:14]} Rac8 {[%emt 0:06:40]} 15. e4 {[%emt 0:11:55]} Nb8 {[%emt 0:18:34]} 16. Ne5 {[%emt 0:04:21]} Nc6 {[%emt 0:01:16]} 17. Nxc6 {[%emt 0:02:11]} Bxc6 {[%emt 0:01:14]} 18. Nf3 {[%emt 0:01:21]} Ne8 {[%emt 0:02:14]} 19. Qc2 {[%emt 0:07:32]} Nf6 {[%emt 0:16:38]} 20. Ne5 {[%emt 0:03:19]} Be8 {[%emt 0:01:49]} 21. Qc3 {[%emt 0:02:33]} Bf8 {[%emt 0:01:43]} 22. Re3 {[%emt 0:05:52]} Nd7 {[%emt 0:02:18]} 23. Ng4 {[%emt 0:03:50]} h5 {[%emt 0:03:53]} 24. Ne5 {[%emt 0:05:18]} Nxe5 {[%emt 0:00:08]} 25. Qxe5 {[%emt 0:00:06]} Qxe5 {[%emt 0:00:04]} 26. Bxe5 {[%emt 0:00:08]} g6 {[%emt 0:01:17]} 27. f4 {[%emt 0:02:36]} Bg7 {[%emt 0:00:48]} 28. Bxg7 {[%emt 0:00:36]} Kxg7 {[%emt 0:00:04]} 29. e5 {[%emt 0:00:33]} Bc6 {[%emt 0:01:36]} 30. Bxc6 {[%emt 0:00:14]} Rxc6 {[%emt 0:00:04]} 31. Kf2 {[%emt 0:00:11]} Rc7 {[%emt 0:00:18]} 32. Ke2 {[%emt 0:00:44]} Rd4 {[%emt 0:00:28]} 33. Kd2 {[%emt 0:14:24]} Rcd7 {[%emt 0:00:30]} 34. Kc3 {[%emt 0:00:30]} h4 {[%emt 0:00:30]} 35. a4 {[%emt 0:00:30]} hxg3 {[%emt 0:00:30]} 36. hxg3 {[%emt 0:00:30]} g5 {[%emt 0:00:30]} 37. Rf1 {[%emt 0:00:30]} Kg6 {[%emt 0:00:30]} 38. Ref3 {[%emt 0:00:30]} gxf4 {[%emt 0:00:30]} 39. gxf4 {[%emt 0:00:30]} Kf5 {[%emt 0:00:30]} 40. Kc2 {[%emt 0:00:30]} Rd8 {[%emt 0:00:30]} 41. Rh3 {[%emt 0:00:30]} Rxf4 {[%emt 0:00:30]} 42. Rh5+ $11 {[%emt 0:00:30]} Kg4 {[%emt 0:00:30]} 43. Rh4+ {[%emt 0:00:30]} Kxh4 {[%emt 0:00:30]} 44. Rxf4+ {[%emt 0:00:30]} Kg5 {[%emt 0:00:30]} 45. Rxf7 {[%emt 0:00:30]} 1/2-1/2

[Event "Belt Road Women 2019"]
[Site "Shaoxing"]
[Date "2019.07.17"]
[Round "9.17"]
[White "Zhou, Yafei"]
[Black "Pujari, Rucha"]
[Result "0-1"]
[WhiteElo "1720"]
[BlackElo "2268"]
[Annotator "TA"]
[PlyCount "71"]
[EventDate "2019.07.08"]
[EventType "swiss"]
[EventCountry "CHN"]
[SourceTitle "playchess.com"]
[Source "ChessBase"]
[SourceQuality "1"]

{[%evp 9,71,31,50,44,57,37,33,39,37,14,29,0,14,-14,0,0,6,8,88,18,0,-20,-12,-17,-10,-12,-14,-27,-14,-51,-47,-70,-77,-102,-98,-119,-78,-122,-106,-133,-102,-135,-137,-167,-171,-164,-162,-158,-166,-177,-175,-175,-172,-165,-131,-147,0,-161,-165,-173,-159,-281,-282,-302]} 1. d4 d5 2. c4 e6 3. Nc3 h6 4. Nf3 Nf6 5. Bf4 Be7 (5... dxc4 6. e3 Bd6 7. Bxc4 Bxf4 8. exf4 O-O 9. Ne5 Nc6 10. Nxc6 bxc6 11. O-O Qd6 12. Qd2 c5 {1-0 (25) Van Wely,L (2650)-Epishin,V (2590) Ourense 2009}) 6. e3 {D37: Queen's Gambit Declined: 5 Bf4} O-O 7. Bd3 dxc4 8. Bxc4 {White is slightly better.} a6 9. a4 $146 ({Predecessor:} 9. O-O b5 10. Bd3 Bb7 11. Rc1 Nbd7 12. Qe2 c5 13. Bb1 Qb6 14. dxc5 Nxc5 {½-½ (39) Salihu,S (2149)-Bardhi,V (2098) Pristina 2017}) 9... c5 10. O-O Nc6 11. Qd2 cxd4 12. exd4 Nb4 13. Rfd1 b6 {[#]} (13... Nfd5 $11 {keeps the balance.}) 14. Ne5 ({White should play} 14. Bxh6 $1 $16 gxh6 15. Qxh6) 14... Bb7 15. Qe2 Nfd5 16. Nxd5 Nxd5 17. Bg3 Bg5 18. h3 Qe7 19. Bxd5 Bxd5 20. f4 Bf6 21. Qd2 Rfd8 22. Bf2 a5 23. Rdc1 Qb7 24. Be3 Rac8 25. Rc3 Be7 26. Rac1 Bb4 27. Rxc8 Rxc8 28. Rxc8+ Qxc8 29. Qc1 Qb7 30. Qc2 Be4 31. Qe2 Qd5 32. Qc4 Qb7 33. Qe2 $1 f6 34. Nf3 Qc6 35. Nd2 (35. Qb5 $17) 35... Bd5 $19 36. Kh2 {Accuracy: White = 29%, Black = 70%.} 0-1